Регионална библиотека "Любен Каравелов" - Русе

Несвяст (Запис номер 82888)

MARC детайли
000 -Лидер
Контролно поле с фиксирана дължина 01285nam a2200349 c 4500
003 - Код на организацията, давaща контролен номер
Контролно поле BLK
005 - Дата и час на последна редакция
Контролно поле 20250728085006.0
008 - Елементи от данни с фиксирана дължина
fixed length control field 180408b bul|||||r ||||||| ||bul||
010 ## - Наследен системен номер
LC control number KNG00087425000
020 ## - Международен стандартен номер на книга ISBN
Международен стандартен номер на книга ISBN 978-954-529-608-6
-- издат.: Колибри
040 ## - Източник на каталожния запис
Идентификатор на билиотеката - собственик на записа BLK
041 ## - Код за език
Код за езика на текст/звукозапис или на отделно заглавие Български
Код за езика КДБФ Български
080 ## - УДК
Текстов определител УДК Американска литература (на САЩ)
УДК код - определител по УДК 821.111(73)
УДК определител -312.4
УДК - код + определител 821.111(73)-312.4
100 1# - Редна дума - Автор
Автор Ангър, Лиса
Авторска отговорност първи автор
R(LIN) 31896
139 ## - Редно поле
Редна дума Ангър, Лиса
Авторски знак Ан - А 64
245 10 - Сведения за заглавието
Заглавие Несвяст
Редно поле (дума) Лиса Ангър; прев. от англ. Павел Грозданов Главусанов.
257 ## - Страна на издаване
Страна на създаване/издаване Съединени американски щати
260 ## - Област на издателските данни
-- София
Име на издателя, разпространителя и проч. Колибри
Година на издаване 2008
Печатница София : Симолини
300 ## - Физическа характеристика
Страници 317 с.
Размери/Мащаб 20 см
380 ## - Жанр
Жанр Худож. лит.
490 1# - СЕРИИ (Колекции)
Име на серия Съвременни трилъри
500 ## - Общи забележки
Забележка Ориг. загл. Black Out / Lisa Unger. - Съдържа и за авт.
653 ## - Ключова дума – ненормативна
Ключова дума трилъри
653 ## - Ключова дума – ненормативна
Ключова дума романи
700 ## - Други автори (авторска отговорност)
Лично име Главусанов, Павел Грозданов
9 (RLIN) 241906
852 ## - Местоположение
Форматна сигнатура Цб 242541
856 4# - Електронен адрес и достъп
Електронен формат pdf - файл
Път до файла /url/
856 4# - Електронен адрес и достъп
Електронен формат pdf - файл
Път до файла /url/
942 ## - АРТИКУЛИ
Вид на библиотечния материал Книги
Скрит в OPAC Не
Koha issues (borrowed), all copies 63
944 ## - СЪЗДАВАНЕ И РЕДАКЦИЯ на ЗАПИСА
Създаване/Редакция Създаване
Дата на регистрацията/редакция 22.01.2009
Статус, дата на статуса Цветелина Шанова
Служител, извършил регистрацията/редакцията 30531
944 ## - СЪЗДАВАНЕ И РЕДАКЦИЯ на ЗАПИСА
Създаване/Редакция Редакция
Дата на регистрацията/редакция 21.11.2011
Статус, дата на статуса ф /
Служител, извършил регистрацията/редакцията
999 ## - СИСТЕМНИ КОНТРОЛНИ НОМЕРА
Koha biblionumber 82888
Koha biblioitemnumber 82888
Наличности
Код за отписване Код за изгубен артикул Източник на класификационната схема Код за повреда Коз за рестрикции Код за отдаване Артикулен № Име на библиотеката - собственик Име на библиотеката, в която се намира в момента Статус (Текущо местоположение) Дата на вписване в системата Местоположение - отдел Цена в лева Инвентарен номер Систематично азбучна сигнатура Баркод Номер на екземпляра Цена в евро Служебна бележка Служебен тип на артикула
Изтеглен Не е изгубен Universal Decimal Classification Не е повреден без рестрикции заемане за дома 134819 Регионална библиотека "Любен Каравелов" Русе Регионална библиотека "Любен Каравелов" Русе Заемна - подръчен фонд 2009-01-23 Заемна - подръчен фонд 14.00 120000733003 П 820(73)-31/А 64 120000733003 1 7.16 Дост: Pk Вид: Ф N: 297 Дата: 21.01.2009 Книги
Изтеглен Не е изгубен Universal Decimal Classification Не е повреден без рестрикции заемане за дома 134820 Регионална библиотека "Любен Каравелов" Русе Регионална библиотека "Любен Каравелов" Русе Заемна - подръчен фонд 2009-01-23 Заемна - подръчен фонд 14.00 120000733004 П 820(73)-31/А 64 120000733004 2 7.16 Дост: Pk Вид: Ф N: 297 Дата: 21.01.2009 Дата инв: 15.02.2018 Бележки инв: П2018 Книги
Изтеглен Не е изгубен Universal Decimal Classification Не е повреден без рестрикции заемане за дома 134821 Регионална библиотека "Любен Каравелов" Русе Регионална библиотека "Любен Каравелов" Русе Заемна - подръчен фонд 2009-01-23 Заемна - подръчен фонд 14.00 120000733005 П 820(73)-31/А 64 120000733005 3 7.16 Дост: Pk Вид: Ф N: 297 Дата: 21.01.2009 Дата инв: 15.02.2018 Бележки инв: П2018 Книги
  Не е изгубен   Не е повреден без рестрикции заемане за дома 134822 Регионална библиотека "Любен Каравелов" Русе Регионална библиотека "Любен Каравелов" Русе Заемна - подръчен фонд 2009-01-23 Заемна - подръчен фонд 14.00 120000733006 П 820(73)-31/А 64 120000733006 4 7.16 Дост: Pk Вид: Ф N: 297 Дата: 21.01.2009 Дата инв: 15.02.2018 Бележки инв: П2018 Книги
  Не е изгубен   Не е повреден без рестрикции заемане за дома 134823 Регионална библиотека "Любен Каравелов" Русе Регионална библиотека "Любен Каравелов" Русе Заемна - подръчен фонд 2009-01-23 Заемна - подръчен фонд 14.00 120000733007 П 820(73)-31/А 64 120000733007 5 7.16 Дост: Pk Вид: Ф N: 297 Дата: 21.01.2009 Дата инв: 15.02.2018 Бележки инв: П2018 Книги
  Не е изгубен   Не е повреден без рестрикции ползва се в читалня 134824 Регионална библиотека "Любен Каравелов" Русе Регионална библиотека "Любен Каравелов" Русе Хранилище 2010-01-20 Хранилище 14.00 120000740902 Цб 242541 120000740902 6 7.16 Дост: Dp Вид: Д N: 27 Дата: 23.06.2009 Книги
  Не е изгубен   Не е повреден без рестрикции заемане за дома 134825 Регионална библиотека "Любен Каравелов" Русе Регионална библиотека "Любен Каравелов" Русе Заемна - подръчен фонд 2011-10-28 Заемна - подръчен фонд 14.00 120000753986 П 820(73)-31/А 64 120000753986 7 7.16 Дост: DA Вид: А N: 18 Дата: 28.10.2011 Дата инв: 15.02.2018 Бележки инв: П2018 Книги
Vip Innovations Ltd, Rousse, Bulgaria 2025